Our country's national parks.

Bibliographic Details
Main Author: Melbo, Irving R. (Irving Robert), 1908-
Format: Book
Language:English
Published: Indianapolis : Bobbs-Merrill, [1960-]61]
Edition:50 States ed.
Subjects:

MARC

Tag First Indicator Second Indicator Subfields
LEADER 00000cam a2200000 4500
001 in00000246777
005 20151010051145.0
008 761006c19601961inua 00000 eng
010 |a  61001676  
035 |a (OCoLC)02485622 
035 |9 ABB4503AM 
040 |a DLC  |c OHI  |d TXA  |d UtOrBLW 
049 |a TXAM  |v 1 [328518]  |v 2 [328519] 
050 0 |a E160  |b .M42 
082 0 |a 917.3 
100 1 |a Melbo, Irving R.  |q (Irving Robert),  |d 1908- 
245 1 0 |a Our country's national parks. 
250 |a 50 States ed. 
264 1 |a Indianapolis :  |b Bobbs-Merrill,  |c [1960-]61] 
264 4 |c [©1960-] 
300 |a 2 volumes :  |b illustrations ;  |c 26 cm. 
336 |a text  |b txt  |2 rdacontent 
337 |a unmediated  |b n  |2 rdamedia 
338 |a volume  |b nc  |2 rdacarrier 
650 0 |a National parks and reserves  |z United States. 
999 |a MARS 
999 f f |s e08d8e84-fe37-33a7-9fb1-b3ba688a8841  |i 899829c3-694f-39c8-b7b7-fb8a0f06a582  |t 0 
952 f f |p ric  |a Texas A&M University  |b Rellis Campus  |c Joint Library Facility  |d Remote Storage  |t 0  |e E160 .M42  |h Library of Congress classification  |i unmediated -- volume  |k v.1  |m A14802150808 
952 f f |p ric  |a Texas A&M University  |b Rellis Campus  |c Joint Library Facility  |d Remote Storage  |t 0  |e E160 .M42  |h Library of Congress classification  |i unmediated -- volume  |k v.2  |m A14802150816 
998 f f |a E160 .M42  |s v.1-v.2  |t 0  |l Remote Storage